[Event "52nd World Juniors 2013"]
[Site "Kocaeli TUR"]
[Date "2013.09.15"]
[Round "3.21"]
[White "Kovalev, Vladislav"]
[Black "Grandadam, Nicolas"]
[Result "1-0"]
[WhiteTitle "IM"]
[BlackTitle "FM"]
[WhiteElo "2568"]
[BlackElo "2309"]
[WhiteFideId "13504398"]
[BlackFideId "681806"]
[EventDate "2013.09.13"]

1. e4 c5 2. Nf3 e6 3. d4 cxd4 4. Nxd4 a6 5. Nc3 Qc7 6. Be2 Nf6 7. O-O Nc6 8. Be3
d6 9. f4 Be7 10. Qe1 O-O 11. Qg3 Nxd4 12. Bxd4 b5 13. Bf3 Bb7 14. a3 Bc6 15.
Rae1 Qb7 16. e5 Ne8 17. exd6 Bxd6 18. Ne4 Be7 19. f5 Qb8 20. fxe6 fxe6 21. Qh3
Qc8 22. Rf2 Bd5 23. Rfe2 Qc6 24. c3 Kh8 25. Nd2 Nc7 26. Bxd5 Qxd5 27. Re5 Qc6
28. Rh5 Bf6 29. Rxh7+ Kg8 30. Rh8+ Kf7 31. Qh5+ Ke7 32. Bc5+ 1-0

[Event "52nd World Juniors 2013"]
[Site "Kocaeli TUR"]
[Date "2013.09.15"]
[Round "3.24"]
[White "Indjic, Aleksandar"]
[Black "Carneiro, Vitor Roberto Castro"]
[Result "1-0"]
[WhiteTitle "IM"]
[BlackTitle "CM"]
[WhiteElo "2549"]
[BlackElo "2263"]
[WhiteFideId "911925"]
[BlackFideId "2130106"]
[EventDate "2013.09.13"]

1. d4 Nf6 2. c4 g6 3. Nc3 Bg7 4. e4 d6 5. h3 O-O 6. Bg5 Nbd7 7. Nf3 e5 8. d5 a5
9. g4 Nc5 10. Nd2 Bd7 11. Be2 h6 12. Be3 Nh7 13. Qc2 c6 14. O-O-O Na6 15. Qb3 a4
16. Nxa4 cxd5 17. cxd5 Bxa4 18. Qxa4 Nc5 19. Qc4 Ra4 20. Qc2 Rxa2 21. Bxc5 Ra1+
22. Nb1 dxc5 23. Qb3 c4 24. Bxc4 Qf6 25. f3 b5 26. Bxb5 Rb8 27. Kc2 Ra5 28. Nc3
Qxf3 29. Be2 Rxb3 30. Bxf3 Rb8 31. Ra1 Rc5 32. Ra6 Bf8 33. Rha1 Kg7 34. Ra7 Rc4
35. Ra8 Rb6 36. R1a6 Rb7 37. R8a7 Rb8 38. Ra4 Rcc8 39. R7a6 Nf6 40. Rc6 Rd8 41.
Ra7 Ne8 42. Na4 Nd6 43. Nc3 Rb4 44. Raa6 Rd7 45. Rab6 Rd4 46. b3 f5 47. gxf5
gxf5 48. exf5 Nxf5 49. Rg6+ Kh8 50. Rgf6 Ne3+ 51. Kb1 Rf4 52. Rxf4 exf4 53. Ne2
Nxd5 54. Bxd5 Rxd5 55. Nxf4 Rf5 56. Ng6+ Kg7 57. Nxf8 Rxf8 58. Rb4 Rf2 59. Rg4+
Kf6 60. b4 Rh2 61. Rg3 Ke7 62. Rd3 Rf2 63. Rd4 Ke6 64. Rh4 Kd7 65. Kc1 Rf6 66.
Kd2 Kc6 67. Kc3 Kb6 68. Kc4 Rg6 69. Rf4 Rc6+ 70. Kd5 Kb5 71. h4 h5 72. Ke5 Rc8
73. Kf6 Rg8 74. Rf5+ Kxb4 75. Rxh5 Kc4 76. Rg5 Rd8 77. h5 Rd6+ 78. Kg7 Rd7+ 79.
Kh8 Kd4 80. h6 Ke4 81. h7 Kf4 82. Rg7 Rd1 83. Rf7+ Ke5 84. Kg8 1-0

[Event "52nd World Juniors 2013"]
[Site "Kocaeli TUR"]
[Date "2013.09.15"]
[Round "3.25"]
[White "Yurtseven, Melih"]
[Black "Narayanan, Srinath"]
[Result "1/2-1/2"]
[BlackTitle "IM"]
[WhiteElo "2262"]
[BlackElo "2483"]
[WhiteFideId "6312160"]
[BlackFideId "5018420"]
[EventDate "2013.09.13"]

1. d4 Nf6 2. Bf4 g6 3. e3 Bg7 4. Nf3 O-O 5. Be2 d6 6. h3 Nbd7 7. O-O b6 8. c4
Bb7 9. Nc3 Re8 10. Qc2 e5 11. dxe5 dxe5 12. Bh2 Qe7 13. Rfd1 a6 14. Nd5 Nxd5 15.
cxd5 e4 16. Nd4 Bxd5 17. Nf5 gxf5 18. Rxd5 Be5 19. Rc1 c5 20. Bf4 Red8 21. Rcd1
Bxf4 22. exf4 Nf8 23. Rxf5 Rxd1+ 24. Qxd1 b5 25. Re5 Qf6 26. Qd5 Rd8 27. Qxe4 c4
28. a4 Ng6 29. Re8+ Nf8 30. Re5 Ng6 31. Re8+ Nf8 32. axb5 axb5 33. Rxd8 Qxd8 34.
Qe5 Qb6 35. f5 Nd7 36. Qe8+ Nf8 37. Bh5 Qb7 38. Bf3 Qb6 39. Bd5 Qf6 40. Qxb5 c3
41. bxc3 Qxc3 42. g3 Kg7 43. Kg2 h6 44. Bc4 Qd4 45. Qd5 Qf6 46. h4 Nh7 47. f4
Kg8 48. Kh3 h5 49. Be2 Qh6 50. Qd8+ Kg7 51. Bc4 Qc6 52. Qd5 Qxd5 53. Bxd5 Nf6
54. Bf3 Kh6 55. Kg2 Kg7 56. Kf2 Kh6 57. Ke3 Kg7 58. Kd3 Kh6 59. Kd4 Kg7 60. Bd5
Kf8 61. Bc4 Kg7 62. Bb3 Kf8 63. Ba2 Kg7 64. Ke5 Nd7+ 65. Ke4 Nf6+ 66. Kd4 Kf8
67. Bb3 Kg7 68. Bc4 Kf8 69. Be2 Kg7 70. Ke5 Nd7+ 71. Ke4 Nf6+ 72. Ke3 Kf8 73.
Bxh5 Nxh5 74. g4 Nf6 75. g5 Nd7 76. f6 Kg8 77. h5 Nf8 78. Ke4 Ne6 79. Ke5 Nc5
80. f5 Nd3+ 81. Ke4 Nc5+ 82. Kd4 Nb3+ 83. Kd5 Nd2 84. g6 Nf3 85. h6 Nh4 86.
gxf7+ Kf8 87. h7 Ng6 88. Ke6 Nh8 89. Ke5 Kxf7 90. Ke4 1/2-1/2

[Event "52nd World Juniors 2013"]
[Site "Kocaeli TUR"]
[Date "2013.09.15"]
[Round "3.26"]
[White "Emiroglu, Cankut"]
[Black "Dastan, Muhammed Batuhan"]
[Result "1/2-1/2"]
[WhiteTitle "CM"]
[BlackTitle "IM"]
[WhiteElo "2260"]
[BlackElo "2455"]
[WhiteFideId "6306659"]
[BlackFideId "6300014"]
[EventDate "2013.09.13"]

1. e4 e5 2. Nf3 Nc6 3. Bb5 g6 4. Bxc6 dxc6 5. d3 Bg7 6. Nc3 Ne7 7. Be3 b6 8. d4
Bg4 9. dxe5 Qxd1+ 10. Rxd1 Bxf3 11. gxf3 Bxe5 12. Bd4 Bxd4 13. Rxd4 Rd8 14.
Rxd8+ Kxd8 15. f4 f5 16. e5 Kd7 17. h4 Ke6 18. Ke2 a6 19. Kf3 Rd8 20. Rd1 Rg8
21. b4 Ra8 22. Ne2 a5 23. b5 c5 24. c4 Kf7 25. Nc3 Rc8 26. a4 h5 27. Nd5 Rd8 28.
Ke2 Rd7 29. Nxe7 Rxd1 30. Kxd1 Kxe7 31. Ke2 1/2-1/2

[Event "52nd World Juniors 2013"]
[Site "Kocaeli TUR"]
[Date "2013.09.15"]
[Round "3.27"]
[White "Ynojosa, Felix Jose"]
[Black "Ashiku, Franc"]
[Result "1/2-1/2"]
[WhiteTitle "IM"]
[WhiteElo "2439"]
[BlackElo "2253"]
[WhiteFideId "3900258"]
[BlackFideId "4700066"]
[EventDate "2013.09.13"]

1. Nf3 d5 2. c4 c6 3. e3 g6 4. cxd5 cxd5 5. Nc3 Bg7 6. Qa4+ Nc6 7. Bb5 Bd7 8.
Nxd5 a6 9. Qa3 e6 10. Bxc6 Bxc6 11. Nc3 Qd3 12. Qb3 Ne7 13. Ne2 Qxb3 14. axb3
Bd5 15. Ra3 b5 16. Nf4 b4 17. Ra1 Bxb3 18. O-O e5 19. Ne2 Bc4 20. Re1 Bd3 21. b3
e4 22. Nfd4 O-O 23. Bb2 Rfc8 24. f3 Bxe2 25. Rxe2 Nf5 26. fxe4 Nxd4 27. Bxd4 Rc2
28. e5 Re8 29. Rxa6 Rc1+ 30. Kf2 Rb1 31. Rb6 Rxb3 32. Bc5 Bxe5 33. d4 Bxh2 34.
g3 Rb1 35. Rxb4 Bg1+ 36. Kf3 Rf1+ 37. Kg2 Rd1 38. Rb3 h5 39. Ba7 h4 40. Rb8 Rxb8
41. Bxb8 hxg3 42. Kxg3 f6 43. Kf3 Kf7 44. Bg3 g5 45. Rg2 f5 46. Re2 f4 47. Bxf4
gxf4 48. Kxf4 Ke6 49. Ke4 Kd6 50. Rg2 Re1 51. Rg6+ Kd7 52. Rg3 Kc6 53. Rh3 Rxe3+
54. Rxe3 Bxe3 55. Kxe3 Kd5 56. Kd3 Kd6 57. Ke4 Ke6 58. d5+ Kd6 59. Kd4 Kd7 60.
Ke5 Ke7 61. d6+ Kd7 62. Kd5 Kd8 63. Ke4 1/2-1/2

[Event "52nd World Juniors 2013"]
[Site "Kocaeli TUR"]
[Date "2013.09.15"]
[Round "3.28"]
[White "Wang, Yiye"]
[Black "Meribanov, Vitaly"]
[Result "1/2-1/2"]
[BlackTitle "FM"]
[WhiteElo "2258"]
[BlackElo "2433"]
[WhiteFideId "8606021"]
[BlackFideId "13504363"]
[EventDate "2013.09.13"]

1. e4 c5 2. Nf3 Nc6 3. Nc3 g6 4. b3 Bg7 5. Bb2 d6 6. Bb5 Bd7 7. O-O Nd4 8. Nxd4
Bxd4 9. Bxd7+ Qxd7 10. Qe2 e6 11. Nd1 Bxb2 12. Nxb2 Ne7 13. Qe3 O-O 14. d4 Qc7
15. c4 Rae8 16. Na4 b6 17. Nc3 Nc6 18. d5 Nd4 19. dxe6 fxe6 20. Qd3 Qe7 21. Rae1
Rd8 22. f4 Qh4 23. g3 Qh3 24. Qd2 a6 25. Ne2 Nc6 26. Rf3 Rf7 27. Rd3 Rfd7 28.
Nc3 Nd4 29. Ne2 Nc6 30. Nc3 Nd4 1/2-1/2

[Event "52nd World Juniors 2013"]
[Site "Kocaeli TUR"]
[Date "2013.09.15"]
[Round "3.32"]
[White "Sunilduth Lyna, Narayanan"]
[Black "Igonin, Temur"]
[Result "1-0"]
[BlackTitle "FM"]
[WhiteElo "2408"]
[BlackElo "2074"]
[WhiteFideId "5058422"]
[BlackFideId "14203049"]
[EventDate "2013.09.13"]

1. e4 e5 2. Nf3 Nc6 3. Bb5 a6 4. Ba4 Nf6 5. O-O Be7 6. Re1 b5 7. Bb3 O-O 8. h3
Bb7 9. d3 d5 10. exd5 Nxd5 11. Nxe5 Nd4 12. Nd2 c5 13. c3 Nxb3 14. Nxb3 Re8 15.
Qh5 g6 16. Qf3 f6 17. Ng4 Qc7 18. Bd2 f5 19. Nh6+ Kg7 20. c4 Nf6 21. Qf4 Qxf4
22. Bxf4 Rad8 23. Rad1 Bc8 24. Na5 Bd6 25. Bg5 Rf8 26. g4 f4 27. cxb5 axb5 28.
a4 bxa4 29. Nc4 Kh8 30. Nxd6 Rxd6 31. Bxf4 Rb6 32. Re7 Be6 33. g5 Nd7 34. Bc7
Rc6 1-0

[Event "52nd World Juniors 2013"]
[Site "Kocaeli TUR"]
[Date "2013.09.15"]
[Round "3.33"]
[White "Tomazini, Aljosa"]
[Black "Martinez Romero, Martin"]
[Result "0-1"]
[WhiteTitle "FM"]
[BlackTitle "IM"]
[WhiteElo "2251"]
[BlackElo "2404"]
[WhiteFideId "14608154"]
[BlackFideId "4404025"]
[EventDate "2013.09.13"]

1. d4 Nf6 2. Nf3 g6 3. c4 Bg7 4. Nc3 O-O 5. e4 d6 6. h3 e5 7. d5 a5 8. g4 Na6 9.
Be3 Nd7 10. a3 Nac5 11. Rg1 Kh8 12. Nd2 a4 13. g5 f5 14. f3 fxe4 15. fxe4 h5 16.
Qe2 c6 17. O-O-O cxd5 18. cxd5 b5 19. Na2 Na6 20. Kb1 Ndc5 21. Nb4 Bd7 22. Nxa6
Nxa6 23. Rc1 Qb8 24. Qd3 Nc5 25. Rxc5 dxc5 26. Bxc5 Rc8 27. Bb4 Bf8 28. d6 Ra6
29. Nf3 Bxd6 30. Nxe5 Bxe5 31. Qxd7 Rd8 32. Qxb5 Rd1+ 33. Kc2 Rb6 34. Qxa4 Qd8
35. Kb3 Rd2 36. Rg2 Qg8+ 37. Bc4 Rd3+ 0-1

[Event "52nd World Juniors 2013"]
[Site "Kocaeli TUR"]
[Date "2013.09.15"]
[Round "3.34"]
[White "Nuri, Murad"]
[Black "Kurayan, Ruslan"]
[Result "0-1"]
[WhiteElo "2206"]
[BlackElo "2398"]
[WhiteFideId "13404474"]
[BlackFideId "14120615"]
[EventDate "2013.09.13"]

1. d4 Nf6 2. c4 g6 3. Nc3 Bg7 4. g3 O-O 5. Bg2 d6 6. Nf3 Nc6 7. O-O Bf5 8. d5
Na5 9. Nd2 c6 10. b4 Nxd5 11. cxd5 Bxc3 12. e4 Bxe4 13. Nxe4 Bxa1 14. bxa5 Bg7
15. a6 c5 16. axb7 Rb8 17. Nd2 Qa5 18. Qe2 Rxb7 19. Nc4 Qa6 20. Be4 Rbb8 21. h4
Rfe8 22. h5 e6 23. hxg6 hxg6 24. dxe6 Rxe6 25. Qd3 Bd4 26. Bd5 Rf6 27. Bf4 Kg7
28. a3 Rh8 29. Rb1 Qc8 30. Nxd6 Qg4 31. Bf3 Qd7 32. Rb7 Qh3 33. Bg2 Qh2+ 34. Kf1
Rd8 35. Nxf7 Rxf7 36. Be5+ Bxe5 37. Rxf7+ Kxf7 38. Qxd8 Qh8 39. Qd5+ Kf6 40.
Qc6+ Kg7 41. Qxc5 Qb8 42. Qe7+ Kh6 43. Be4 Qc7 44. Qf8+ Kh7 45. Qf3 Kg7 46. Kg2
Qd7 47. Qb3 Qd6 48. Qb5 Qe6 49. Qb7+ Qf7 50. Qc6 Bd4 51. f3 Be5 52. a4 Qf6 53.
Qb7+ Qf7 54. Qa6 Bf6 55. Qc6 Qa2+ 56. Kh3 Qa1 57. Qb7+ Kh6 58. Bb1 Bd8 59. Qe4
Qf6 60. Qe8 Bc7 61. f4 Bd6 62. a5 Kg7 63. Qe3 Qe7 64. Qd4+ Kh7 65. Qd5 Kg7 66.
Ba2 Kh6 67. Qd4 Kh7 68. a6 Qd7+ 69. Kh2 Qe7 70. Bc4 Bc5 71. Qd5 Kh6 72. Qg8 Qg7
73. Qd8 Qd4 74. Qg8 Qg1+ 75. Kh3 Qh1+ 0-1

[Event "52nd World Juniors 2013"]
[Site "Kocaeli TUR"]
[Date "2013.09.15"]
[Round "3.35"]
[White "Vucic, Mihovil"]
[Black "Laurusas, Tomas"]
[Result "0-1"]
[WhiteElo "2063"]
[BlackElo "2398"]
[WhiteFideId "14514990"]
[BlackFideId "12803731"]
[EventDate "2013.09.13"]

1. e4 c5 2. Nf3 e6 3. c3 d5 4. exd5 Qxd5 5. d4 Nf6 6. Be3 cxd4 7. cxd4 Bb4+ 8.
Nc3 O-O 9. Bd3 b6 10. Qe2 Qa5 11. O-O Ba6 12. Nb5 Bxb5 13. Bxb5 a6 14. Bd3 Bd6
15. Rfe1 Nc6 16. a3 Ne7 17. Rac1 h6 18. Ne5 b5 19. Qf3 Ned5 20. Qh3 Nxe3 21.
Qxe3 Rfe8 22. Bb1 Qd8 23. Rcd1 Qb6 24. Qf3 Rad8 25. Rc1 Bb8 26. Nc6 Rd5 27. Ba2
Rf5 28. Qd3 g6 29. h3 Kg7 30. b4 h5 31. Ne5 Bxe5 32. Rxe5 Rf4 33. Rec5 Rd8 34.
Rc6 Qb8 35. Rxa6 Rxf2 36. Bb3 Qf4 37. Rd1 Rb2 38. Bc2 Rc8 39. Rd2 Rcxc2 40. Rxc2
Rb1+ 0-1

[Event "52nd World Juniors 2013"]
[Site "Kocaeli TUR"]
[Date "2013.09.15"]
[Round "3.37"]
[White "Arvola, Benjamin"]
[Black "Buyukasik, Diyap"]
[Result "1-0"]
[WhiteTitle "FM"]
[WhiteElo "2354"]
[BlackElo "2046"]
[WhiteFideId "1506536"]
[BlackFideId "6319602"]
[EventDate "2013.09.13"]

1. e4 c5 2. Nf3 d6 3. d4 Nf6 4. Nc3 cxd4 5. Nxd4 a6 6. Be3 e5 7. Nb3 Be6 8. h3
Be7 9. Qf3 O-O 10. O-O-O b5 11. Bd3 Nbd7 12. g4 Nb6 13. g5 Nfd7 14. h4 Bc4 15.
Na5 Rc8 16. Nxc4 bxc4 17. Bf1 Nc5 18. Bh3 Rc6 19. Qg4 Nba4 20. Nxa4 Nxa4 21. Qd7
Qc7 22. f4 Rb8 23. fxe5 dxe5 24. Ba7 Ra8 25. Rhf1 Nxb2 26. Kxb2 Rxa7 27. Qe8+
Bf8 28. Bd7 Rb6+ 29. Ka1 1-0

[Event "52nd World Juniors 2013"]
[Site "Kocaeli TUR"]
[Date "2013.09.15"]
[Round "3.38"]
[White "Uysal, Burak"]
[Black "Asgarizadeh, Ahmad"]
[Result "1-0"]
[WhiteElo "1928"]
[BlackElo "2354"]
[WhiteFideId "6339387"]
[BlackFideId "12505684"]
[EventDate "2013.09.13"]

1. e4 c5 2. Nc3 e6 3. Nge2 a6 4. g3 b5 5. Bg2 Bb7 6. d4 cxd4 7. Nxd4 d6 8. O-O
Nf6 9. Re1 Qc7 10. a4 bxa4 11. Nd5 exd5 12. exd5+ Kd8 13. Qe2 Qe7 14. Qxe7+ Bxe7
15. Nc6+ Bxc6 16. dxc6 Ra7 17. Be3 Rc7 18. Bb6 Re8 19. Rxa4 Bf8 20. Rxe8+ Nxe8
21. Rb4 g6 22. Bxc7+ Kxc7 23. Rb7+ Kc8 24. Rxf7 1-0

[Event "52nd World Juniors 2013"]
[Site "Kocaeli TUR"]
[Date "2013.09.15"]
[Round "3.39"]
[White "Mamyrbay, Assad"]
[Black "Dragomirescu, Robin-Alexandru"]
[Result "0-1"]
[BlackTitle "IM"]
[WhiteElo "1823"]
[BlackElo "2349"]
[WhiteFideId "13708880"]
[BlackFideId "1213849"]
[EventDate "2013.09.13"]

1. e4 c5 2. Nf3 Nc6 3. d4 cxd4 4. Nxd4 e6 5. Nb5 d6 6. c4 Nf6 7. N1c3 a6 8. Na3
b6 9. Be2 Be7 10. O-O O-O 11. Be3 Bb7 12. Qb3 Nd7 13. Rfd1 Qc7 14. Rd2 Rfd8 15.
Rc1 Nc5 16. Qd1 Rac8 17. f3 Nb4 18. Kh1 Bf6 19. Nab1 d5 20. cxd5 exd5 21. exd5
Qe7 22. Qg1 Nxd5 23. Nxd5 Rxd5 24. Rxd5 Bxd5 25. b4 Re8 26. bxc5 bxc5 27. Rxc5
Bb7 28. Nd2 Qxe3 29. Qxe3 Rxe3 30. Bf1 Re7 31. Ne4 Be5 32. Rc1 Kf8 33. Bd3 h6
34. Rb1 Rc7 35. Kg1 g6 36. g3 f5 37. Nd2 Bc3 38. Nb3 Bxf3 39. Rf1 Bb7 40. g4 a5
41. a4 Bd5 42. Bc2 Rb7 43. Rb1 fxg4 44. Kf2 Be5 45. Kg1 Bc7 46. Rf1+ Kg7 47. Nd4
Rb4 0-1

[Event "52nd World Juniors 2013"]
[Site "Kocaeli TUR"]
[Date "2013.09.15"]
[Round "3.40"]
[White "Lozhnikov, Vyacheslav"]
[Black "Yargici, Mazhar Kutay"]
[Result "1-0"]
[WhiteTitle "FM"]
[WhiteElo "2339"]
[BlackElo "1970"]
[WhiteFideId "13704761"]
[BlackFideId "6310400"]
[EventDate "2013.09.13"]

1. d4 Nf6 2. c4 e6 3. Nc3 d5 4. Nf3 Be7 5. Bg5 O-O 6. e3 Nbd7 7. Bd3 c6 8. Rc1
dxc4 9. Bxc4 Nd5 10. Bxe7 Qxe7 11. O-O Nxc3 12. bxc3 e5 13. Qe2 e4 14. Nd2 Re8
15. f3 exf3 16. Qxf3 Nf6 17. e4 Be6 18. e5 Nd7 19. Bxe6 Qxe6 20. Ne4 Rf8 21. Qf5
Qxf5 22. Rxf5 f6 23. exf6 Nxf6 24. Nc5 b6 25. Nd3 Nd5 26. Re5 Rae8 27. c4 Rxe5
28. Nxe5 Ne7 29. Rd1 Rd8 30. Kf2 c5 31. d5 Nf5 32. Nc6 Rd7 33. Ke2 Nd6 34. Kd3
a6 35. a4 Rb7 36. Re1 b5 37. cxb5 axb5 38. a5 Rc7 39. a6 Nc8 40. Rc1 c4+ 41. Kd4
Kf7 42. Kc5 Ke8 43. Kxb5 c3 44. Rxc3 Kd7 45. Kc5 Na7 46. Kb6 Nc8+ 47. Ka5 Kd6
48. Rd3 Kc5 49. Rd1 Kd6 50. Kb5 Rf7 51. Nd8 Rf5 52. Nb7+ Kc7 53. Rc1+ Kb8 54.
Rxc8+ 1-0

[Event "52nd World Juniors 2013"]
[Site "Kocaeli TUR"]
[Date "2013.09.15"]
[Round "3.41"]
[White "Farid, Firman Syah"]
[Black "Zhanbai Uulu, Zhokhar"]
[Result "1-0"]
[WhiteTitle "IM"]
[WhiteElo "2433"]
[BlackElo "1843"]
[WhiteFideId "7102526"]
[BlackFideId "13800809"]
[EventDate "2013.09.13"]

1. d4 d5 2. Nf3 Nf6 3. c4 c6 4. e3 Nbd7 5. Nc3 e6 6. Qc2 Be7 7. Bd3 a6 8. b3 b6
9. O-O Bb7 10. Bb2 Qc7 11. Rac1 h6 12. cxd5 exd5 13. Ne2 Bd6 14. h3 O-O 15. Nh4
Rfe8 16. Nf5 Bf8 17. Nf4 Rac8 18. Qd1 g6 19. Ng3 Bd6 20. Qf3 Bxf4 21. exf4 Qd6
22. Rce1 c5 23. Bb1 Bc6 24. h4 Bb5 25. Rxe8+ Rxe8 26. Rc1 c4 27. h5 Nf8 28. bxc4
dxc4 29. d5 Nxd5 30. Rd1 Bc6 31. Ne4 Qe6 32. f5 Qe7 33. Rxd5 Bxd5 34. Qc3 Qe5
35. Nf6+ Kh8 36. Qxe5 Rxe5 37. Nxd5 f6 38. Bxe5 fxe5 39. hxg6 b5 40. f6 Ne6 41.
Bf5 1-0

[Event "52nd World Juniors 2013"]
[Site "Kocaeli TUR"]
[Date "2013.09.15"]
[Round "3.42"]
[White "Gaehwiler, Gabriel"]
[Black "Bornheim, Craig"]
[Result "0-1"]
[BlackTitle "CM"]
[WhiteElo "2287"]
[BlackElo "1973"]
[WhiteFideId "1314530"]
[BlackFideId "14300370"]
[EventDate "2013.09.13"]

1. e4 c5 2. Nf3 d6 3. d4 cxd4 4. Nxd4 Nf6 5. Nc3 a6 6. Be3 e6 7. g3 b5 8. Bg2
Bb7 9. O-O b4 10. Na4 Bxe4 11. Bxe4 Nxe4 12. Nxe6 fxe6 13. Qg4 Nf6 14. Qxe6+ Be7
15. Nb6 Ra7 16. c4 Nbd7 17. Nc8 Qxc8 18. Bxa7 Qc7 19. Bd4 Nf8 20. Qe2 Ng6 21.
Rac1 O-O 22. Qe6+ Kh8 23. f4 Qd7 24. Qxd7 Nxd7 25. Rfe1 Kg8 26. h4 h5 27. Rcd1
Rc8 28. b3 Kf7 29. Bb2 Rc5 30. a3 a5 31. axb4 axb4 32. Ra1 Rc7 33. Bd4 Nc5 34.
Re3 Bf6 35. Bxf6 gxf6 36. Rd1 Ne7 37. f5 Rd7 38. Rf1 Nc6 39. Kg2 Ne5 40. Ra1 Ng4
41. Re2 Nxb3 42. Ra8 Nd4 43. Ree8 Nxf5 44. Reb8 Nfe3+ 45. Kf3 Nxc4 46. Rxb4 d5
47. Rh8 Nce5+ 48. Ke2 Kg6 49. Rg8+ Kh7 0-1

[Event "52nd World Juniors 2013"]
[Site "Kocaeli TUR"]
[Date "2013.09.15"]
[Round "3.43"]
[White "Temizkan, Denizcan"]
[Black "Kulkarni, Rakesh"]
[Result "1-0"]
[WhiteElo "1921"]
[BlackElo "2283"]
[WhiteFideId "6325157"]
[BlackFideId "5037077"]
[EventDate "2013.09.13"]

1. d4 Nf6 2. c4 e5 3. dxe5 Ng4 4. Bf4 g5 5. Bg3 Bg7 6. Nf3 Nc6 7. Nc3 Ngxe5 8.
Nxe5 Nxe5 9. e3 d6 10. Be2 Be6 11. Qc2 Qd7 12. Nb5 Nc6 13. O-O-O a6 14. Nd4 Nxd4
15. exd4 d5 16. Rhe1 O-O 17. Bd3 f5 18. Be5 Rae8 19. Bxg7 Kxg7 20. Re5 dxc4 21.
Bxc4 Bxc4 22. Qxc4 Rf6 23. Qe2 Rfe6 24. Kb1 Qd6 25. Qh5 Rxe5 26. dxe5 Qe7 27. f4
gxf4 28. Qxf5 Rf8 29. Qg4+ Kh8 30. e6 Qb4 31. Qe2 Qc5 32. Qe4 Qe3 33. Qxe3 fxe3
34. e7 Re8 35. Rd8 Kg7 36. Rxe8 e2 37. Rg8+ 1-0

[Event "52nd World Juniors 2013"]
[Site "Kocaeli TUR"]
[Date "2013.09.15"]
[Round "3.45"]
[White "Meftahi, Houssem"]
[Black "Pon, Matt"]
[Result "0-1"]
[BlackTitle "FM"]
[WhiteElo "2076"]
[BlackElo "1919"]
[WhiteFideId "5501660"]
[BlackFideId "14301644"]
[EventDate "2013.09.13"]

1. e4 e5 2. Bc4 Nf6 3. d3 Nc6 4. Nc3 Na5 5. Nf3 Nxc4 6. dxc4 Bb4 7. Qd3 d6 8.
Bd2 a6 9. h3 Be6 10. a3 Bc5 11. Bg5 h6 12. Bh4 g5 13. Bg3 Nh5 14. Bh2 Qd7 15.
Qe2 Nf4 16. Bxf4 gxf4 17. Nd5 Bxd5 18. cxd5 Qe7 19. O-O-O Rg8 20. Rhg1 O-O-O 21.
Rd3 Rg7 22. b4 Ba7 23. Rb3 Rdg8 24. Qf1 f5 25. Nd2 Qf7 26. b5 a5 27. Nc4 Bb6 28.
Nxb6+ cxb6 29. f3 fxe4 30. fxe4 Rg3 31. Qf2 Qc7 32. Kb2 Kb8 33. Rf3 Ka7 34. Rb3
Qc4 35. Qe1 Qd4+ 36. Ka2 Rxb3 37. Kxb3 Rg3+ 38. c3 a4+ 39. Kb2 Qc4 40. Qc1 Qb3+
41. Ka1 Rxc3 0-1

[Event "52nd World Juniors 2013"]
[Site "Kocaeli TUR"]
[Date "2013.09.15"]
[Round "3.46"]
[White "Gundogan, Cem"]
[Black "Ertekin, Oguzhan"]
[Result "1-0"]
[WhiteElo "2072"]
[BlackElo "1583"]
[WhiteFideId "6311032"]
[BlackFideId "6337481"]
[EventDate "2013.09.13"]

1. e4 e6 2. d3 c5 3. Nf3 Nc6 4. g3 d5 5. Nbd2 Nf6 6. Bg2 dxe4 7. dxe4 e5 8. O-O
Qc7 9. c3 h6 10. Qc2 Be6 11. Re1 Bd6 12. Nf1 O-O 13. Ne3 b5 14. Nh4 g6 15. Nd5
Bxd5 16. exd5 Ne7 17. Bxh6 Rfd8 18. Rad1 Rab8 19. Qe2 Nh7 20. Nf3 Nf5 21. Bc1
Re8 22. g4 Ng7 23. h4 f5 24. Ng5 Nf6 25. gxf5 gxf5 26. Bh3 e4 27. Kh1 Bf4 28.
Bxf4 Qxf4 29. Qe3 Qxh4 30. Qg3 Qxg3 31. fxg3 Re5 32. d6 Rd8 33. Bf1 Ngh5 34.
Bxb5 Ng4 35. Kg2 f4 36. gxf4 Nxf4+ 37. Kg3 Nd3 38. Kxg4 1-0

[Event "52nd World Juniors 2013"]
[Site "Kocaeli TUR"]
[Date "2013.09.15"]
[Round "3.47"]
[White "Zor, Alber Kadir"]
[Black "Du Plessis, Heinco"]
[Result "1-0"]
[WhiteElo "1948"]
[BlackElo "2050"]
[WhiteFideId "6353169"]
[BlackFideId "14306263"]
[EventDate "2013.09.13"]

1. d4 Nf6 2. Nf3 d5 3. c3 Bf5 4. Qb3 Qc8 5. Bf4 Nbd7 6. e3 e6 7. c4 c6 8. Nc3
dxc4 9. Bxc4 b5 10. Be2 h6 11. Rc1 Qb7 12. Bxb5 Nh5 13. Bc4 Qxb3 14. Bxb3 Nxf4
15. exf4 f6 16. O-O Bd6 17. g3 Nb6 18. Rfe1 Kd7 19. Nh4 Rhe8 20. Nxf5 exf5 21.
Bf7 1-0

[Event "52nd World Juniors 2013"]
[Site "Kocaeli TUR"]
[Date "2013.09.15"]
[Round "3.48"]
[White "Baglan, Esat"]
[Black "Abdrashev, Arlen"]
[Result "1-0"]
[WhiteElo "2024"]
[BlackElo "1745"]
[WhiteFideId "6309216"]
[BlackFideId "13710257"]
[EventDate "2013.09.13"]

1. d4 Nf6 2. Bf4 c5 3. e3 Qb6 4. Nc3 d6 5. Nf3 Qxb2 6. Nb5 Qb4+ 7. Qd2 Qxd2+ 8.
Nxd2 Na6 9. dxc5 dxc5 10. Nc4 b6 11. a4 Bb7 12. a5 Nd7 13. O-O-O f6 14. Bg3 Bc6
15. Nca3 e5 16. f4 Bxg2 17. Rg1 Bf3 18. Rd2 O-O-O 19. fxe5 fxe5 20. Bh4 1-0

[Event "52nd World Juniors 2013"]
[Site "Kocaeli TUR"]
[Date "2013.09.15"]
[Round "3.49"]
[White "Kitir, Ahmet"]
[Black "Tomazini, Zan"]
[Result "1/2-1/2"]
[BlackTitle "FM"]
[WhiteElo "1866"]
[BlackElo "2277"]
[WhiteFideId "6327737"]
[BlackFideId "14608162"]
[EventDate "2013.09.13"]

1. e4 c5 2. Nf3 d6 3. d4 cxd4 4. Nxd4 Nf6 5. Nc3 g6 6. Be3 a6 7. f3 Nbd7 8. a4
b6 9. Be2 Bb7 10. a5 b5 11. Nb3 Bg7 12. Qd2 Rc8 13. O-O O-O 14. Rad1 Qc7 15.
Rfe1 Nc5 16. Bd4 Nxb3 17. cxb3 Qxa5 18. Nd5 Qd8 19. Nxf6+ Bxf6 20. Bxf6 exf6 21.
Qxd6 Qxd6 22. Rxd6 Rc2 23. Bd1 Rxb2 24. Re2 Rxe2 25. Bxe2 Kg7 26. Kf2 Re8 27.
Ke1 Re7 28. Kd2 Rc7 29. b4 Bc8 30. g3 Ra7 31. Kc3 Be6 32. h4 Kf8 33. Kd4 Ke7 34.
Kc5 Bc4 35. Rd2 Rc7+ 36. Kb6 Rd7 37. Rxd7+ Kxd7 38. Bd1 Ke6 39. f4 f5 40. e5 Kd5
41. Bf3+ Kd4 42. Kxa6 Ke3 43. Bc6 Kf2 44. Bxb5 Bd5 45. Kb6 Kxg3 46. Kc5 Be4 47.
Bc4 Kxf4 48. Kd4 h5 49. Bxf7 g5 50. hxg5 Kxg5 51. Bc4 h4 52. Bf1 Kg6 53. b5 Kf7
54. b6 Kg7 55. Ke3 Kf7 56. Bb5 Ke6 57. Kf4 h3 58. Bc4+ 1/2-1/2

[Event "52nd World Juniors 2013"]
[Site "Kocaeli TUR"]
[Date "2013.09.15"]
[Round "3.50"]
[White "Neves, Pedro"]
[Black "Sahin, Ozgun"]
[Result "1-0"]
[WhiteElo "2212"]
[BlackElo "1857"]
[WhiteFideId "1905554"]
[BlackFideId "6328121"]
[EventDate "2013.09.13"]

1. c4 Nf6 2. g3 c6 3. Bg2 d5 4. Nf3 e6 5. b3 Be7 6. O-O Nbd7 7. Bb2 h6 8. Nc3 e5
9. Rc1 d4 10. Nb1 c5 11. Re1 O-O 12. Na3 1-0